PHYSICS FOR SCIENTISTS & ENGINEERS / (Record no. 614957)

000 -LEADER
fixed length control field 00345nam a22001457a 4500
020 ## - INTERNATIONAL STANDARD BOOK NUMBER
Qualifying information HB.
040 ## - CATALOGING SOURCE
Transcribing agency FIZZA ISHAQ
082 ## - DEWEY DECIMAL CLASSIFICATION NUMBER
Classification number 530
Author Mark JEW
100 ## - MAIN ENTRY--PERSONAL NAME
Personal name JEWETT,SERWAY.
9 (RLIN) 109204
245 ## - TITLE STATEMENT
Title PHYSICS FOR SCIENTISTS & ENGINEERS /
Statement of responsibility, etc. SERWAY JEWETT.
250 ## - EDITION STATEMENT
Edition statement 6TH ED.
260 ## - PUBLICATION, DISTRIBUTION, ETC.
Place of publication, distribution, etc. NEW YORK;
Date of publication, distribution, etc. 2004.
300 ## - PHYSICAL DESCRIPTION
Extent 1552 P. ;
942 ## - ADDED ENTRY ELEMENTS (KOHA)
Source of classification or shelving scheme
Koha item type Book
Holdings
Withdrawn status Lost status Source of classification or shelving scheme Damaged status Not for loan Permanent Location Current Location Shelving location Date acquired Full call number Barcode Date last seen Copy number Price effective from Koha item type
          NUST Baluchistan Campus (NBC) NUST Baluchistan Campus (NBC) General Stacks 09/29/2025 530 JEW QD-37 09/29/2025 1 09/29/2025 Book
© 2023 Central Library, National University of Sciences and Technology. All Rights Reserved.